Water cycle stores and residence time Quiz Stats

 Plays Quiz not verified by Sporcle

Support Sporcle.
Go Orange.
Score 0/15 Timer 03:00
0 Plays Today
Hint Answer % Correct
what is the residence time in the atmosphere (days)10
75%
what is the residence time in oceans (days)3600
75%
The unit of flux is?km cubed per year
50%
flux from ocean to atmosphere (evaporation) is?400,000
50%
flux from landmass to atmosphere (evaporation is?60,000
50%
flux from atmosphere to landmass is (precipitation) is ?90,000
50%
flux from landmass to ocean (surface run off) is?30,000
50%
What percentage of water is in oceans97.5
50%
Hint Answer % Correct
what percentage is freshwater2.5%
50%
leaving a remaining __ as easily accessible sources1 %
50%
such as _____ and _____lakes rivers
50%
the water tower of Asia, Tibetan plateau provides water for how many people1.4 billion
50%
flux from atmosphere to ocean (precipitation is?370,000
25%
Of the freshwater what percentage is in ice caps or glaciers69%
25%
and as ground water30%
25%

You're not logged in!

Compare scores with friends on all Sporcle quizzes.
OR
Log In

From the Vault

Monarchs of Britain by Royal House

by teedslaststand

Some of these houses must have been pretty big to fit all the monarchs inside.
Remove Ads.
Support Sporcle.
Get the best of Sporcle when you Go Orange. This ad-free experience offers more features, more stats, and more fun while also helping to support Sporcle. Thank you for becoming a member.

Show Comments

Extras

Created Feb 24, 2020ReportNominate
Tags:Cycle, residence, store, Water

Top Quizzes Today


Score Distribution

Your Account Isn't Verified!

In order to create a playlist on Sporcle, you need to verify the email address you used during registration. Go to your Sporcle Settings to finish the process.

Report this User

Report this user for behavior that violates our Community Guidelines.

Details: